[Event "12sen.WM-H Naumburg"]
[Site "Naumburg/Saale(20.10.-03.11.)"]
[Date "2002.10.22"]
[Round "2"]
[White "Ljubarskij, Jurij"]
[Black "Shlakman, Itzhak"]
[Result "0-1"]
[WhiteElo "2317"]
[BlackElo "2127"]
[PlyCount "74"]
[EventDate "2002.11.??"]

1. e4 e5 2. Nf3 Nc6 3. Bb5 a6 4. Ba4 Nf6 5. O-O b5 6. Bb3 Be7 7. d4 d6 8. c3
Bg4 9. d5 Na5 10. Bc2 O-O 11. Nbd2 c5 12. Re1 Qc7 13. Nf1 c4 14. h3 Bd7 15. g4
Ne8 16. Ng3 g6 17. Nh2 Bh4 18. Kg2 Ng7 19. Bh6 Nb7 20. Qd2 f6 21. Rf1 Nd8 22.
Ne2 Nf7 23. Nf3 g5 24. Bxg7 Kxg7 25. Nxh4 gxh4 26. f4 h5 27. gxh5 Rh8 28. Kh2
Rhg8 29. Rg1+ Kf8 30. Rxg8+ Kxg8 31. Qe1 Qc5 32. f5 Qe3 33. Ng1 Qf4+ 34. Kh1
Qg3 35. Rd1 Ng5 36. Qf1 Qe3 37. Re1 Qg3 0-1

[Event "12sen.WM-H Naumburg"]
[Site "Naumburg/Saale(20.10.-03.11.)"]
[Date "2002.10.22"]
[Round "2"]
[White "Luecke, Volkmar"]
[Black "Weigel, Helmut"]
[Result "1/2-1/2"]
[WhiteElo "1890"]
[BlackElo "1581"]
[PlyCount "76"]
[EventDate "2002.11.??"]

1. Nf3 d5 2. c4 Nf6 3. cxd5 Nxd5 4. Nc3 c6 5. e4 Nxc3 6. bxc3 Bg4 7. Be2 e6 8.
O-O Be7 9. Qb3 Qc7 10. d4 Bxf3 11. Bxf3 O-O 12. a4 Nd7 13. c4 Rab8 14. Ba3 Bxa3
15. Qxa3 c5 16. d5 exd5 17. exd5 Nb6 18. Qc3 Nc8 19. Rfe1 Nd6 20. Re2 Rfe8 21.
Rae1 Qd7 22. a5 Rxe2 23. Bxe2 Re8 24. Bd3 Rxe1+ 25. Qxe1 Qe8 26. Qxe8+ Nxe8 27.
f4 h6 28. Kf2 Kf8 29. Ke3 Nd6 30. g4 f6 31. h4 g5 32. f5 Ke7 33. hxg5 hxg5 34.
Be2 Kd7 35. Kd3 Kc7 36. Kc3 b6 37. Kb3 Kb7 38. Bd3 Nf7 1/2-1/2

[Event "12sen.WM-H Naumburg"]
[Site "Naumburg/Saale(20.10.-03.11.)"]
[Date "2002.10.22"]
[Round "2"]
[White "Maletzki, Heinz"]
[Black "Kraemer, Franz_Josef"]
[Result "0-1"]
[WhiteElo "1514"]
[BlackElo "1801"]
[PlyCount "78"]
[EventDate "2002.11.??"]

1. c4 e5 2. Nc3 Nf6 3. e4 Bc5 4. d3 d6 5. Be2 c6 6. Bg5 Nbd7 7. a3 Bd4 8. Nf3
O-O 9. Nxd4 exd4 10. Nb1 Qb6 11. b4 h6 12. Bh4 a5 13. Bg3 c5 14. b5 Ne5 15. f4
Neg4 16. Bf2 Nxf2 17. Kxf2 Qd8 18. Rf1 Ng4+ 19. Kg1 f5 20. Nd2 Qe7 21. a4 Nf6
22. Bf3 Ng4 23. Bxg4 fxg4 24. f5 Qg5 25. Qe1 h5 26. g3 Bd7 27. Rf4 Rae8 28. Nf1
b6 29. Ra2 Rxf5 30. Qf2 Rxf4 31. gxf4 Qf6 32. Re2 g6 33. Ra2 Rf8 34. e5 dxe5
35. fxe5 Qxf2+ 36. Rxf2 Rxf2 37. Kxf2 Kf7 38. Ng3 Ke6 39. Ke2 Kxe5 0-1

[Event "12sen.WM-H Naumburg"]
[Site "Naumburg/Saale(20.10.-03.11.)"]
[Date "2002.10.22"]
[Round "2"]
[White "Malin, Klaus"]
[Black "Kahn, Peter"]
[Result "1/2-1/2"]
[WhiteElo "1612"]
[BlackElo "1939"]
[PlyCount "72"]
[EventDate "2002.11.??"]

1. e4 e5 2. Nf3 Nc6 3. Bc4 Nf6 4. Ng5 d5 5. exd5 b5 6. Bxb5 Qxd5 7. Qe2 Qxg2 8.
Qf3 Qxf3 9. Nxf3 Bd7 10. d3 Nd4 11. Bxd7+ Kxd7 12. Nxd4 exd4 13. Bf4 Rb8 14. b3
Nd5 15. Bd2 Re8+ 16. Kd1 Bd6 17. c3 dxc3 18. Nxc3 Nb4 19. Be3 Nxd3 20. Kd2 Nc5
21. Rad1 a6 22. Kc2 Kc6 23. Rhg1 Ne6 24. h3 f5 25. Rd2 g6 26. Rgd1 Rhf8 27. Ne2
f4 28. Bd4 Ng5 29. Bg7 Rf7 30. Bc3 Nxh3 31. Nd4+ Kb7 32. b4 Ng5 33. b5 Ne6 34.
bxa6+ Kxa6 35. Rb1 Nc5 36. Nc6 Re4 1/2-1/2

[Event "12sen.WM-H Naumburg"]
[Site "Naumburg/Saale(20.10.-03.11.)"]
[Date "2002.10.22"]
[Round "2"]
[White "Mann, Klaus_Dieter"]
[Black "Maassen, Hermann"]
[Result "1-0"]
[WhiteElo "1979"]
[BlackElo "1635"]
[PlyCount "77"]
[EventDate "2002.11.??"]

1. e4 e6 2. d4 d5 3. Nc3 Bb4 4. e5 c5 5. a3 Ba5 6. b4 cxd4 7. Nb5 Bc7 8. f4 Nc6
9. Nf3 Nge7 10. Nbxd4 O-O 11. Bd3 Nxd4 12. Nxd4 Bb6 13. Be3 Bd7 14. Qd2 Rc8 15.
c3 Qc7 16. Rc1 f6 17. exf6 Rxf6 18. O-O e5 19. fxe5 Rxf1+ 20. Bxf1 Qxe5 21. Bf2
Rf8 22. Nf3 Bxf2+ 23. Qxf2 Qb8 24. Qc5 Re8 25. Re1 b6 26. Qd4 Qd6 27. Re5 Rc8
28. Bd3 Nc6 29. Qxd5+ Qxd5 30. Rxd5 Bg4 31. c4 Ne7 32. Rd4 Bxf3 33. gxf3 Rf8
34. Be4 Nf5 35. Rd7 a5 36. c5 bxc5 37. bxc5 Ne3 38. c6 Nc4 39. Bd5+ 1-0

[Event "12sen.WM-H Naumburg"]
[Site "Naumburg/Saale(20.10.-03.11.)"]
[Date "2002.10.22"]
[Round "2"]
[White "Mauersberger, Frank"]
[Black "Becker, Karl_Heinz[31Dorm]"]
[Result "1-0"]
[WhiteElo "1992"]
[BlackElo "1650"]
[PlyCount "109"]
[EventDate "2002.11.??"]

1. e4 c5 2. Nc3 Nc6 3. g3 Nf6 4. Bg2 e6 5. d3 a6 6. f4 d6 7. Nf3 Be7 8. O-O O-O
9. h3 b5 10. Kh2 Qc7 11. Re1 Bb7 12. Ne2 e5 13. Nh4 g6 14. f5 Nh5 15. Bh6 Bxh4
16. Bxf8 Rxf8 17. gxh4 Nd4 18. Nxd4 exd4 19. Qg4 Qe7 20. Rf1 Qe5+ 21. Kg1 Bc8
22. Rf3 Kg7 23. Raf1 f6 24. R1f2 Kh6 25. Bf1 Rg8 26. Rg2 Rg7 27. Rff2 gxf5 28.
Qf3 Rg3 29. Rxg3 Nxg3 30. Kg2 Nh5 31. Be2 f4 32. Qxh5+ Qxh5 33. Bxh5 Kxh5 34.
Rxf4 Kg6 35. Kg3 h5 36. Rf3 a5 37. c3 Be6 38. cxd4 cxd4 39. a3 a4 40. Rf1 Bd7
41. Rc1 Kf7 42. Rc7 Ke7 43. Rc2 Be6 44. Rc7+ Bd7 45. Rc1 Be6 46. Kh2 Bd7 47.
Kg3 Kd8 48. Rc2 Ke7 49. Kf4 Kd8 50. Rg2 Ke7 51. Rg7+ Ke6 52. Rxd7 Kxd7 53. Kf5
Ke7 54. Kg6 Ke6 55. Kxh5 1-0

[Event "12sen.WM-H Naumburg"]
[Site "Naumburg/Saale(20.10.-03.11.)"]
[Date "2002.10.22"]
[Round "2"]
[White "Meiling, Hermann"]
[Black "Glaser, Heinz_Alfred"]
[Result "1-0"]
[WhiteElo "2028"]
[BlackElo "1680"]
[PlyCount "83"]
[EventDate "2002.11.??"]

1. d4 d5 2. c4 e5 3. dxe5 d4 4. Nf3 Nc6 5. g3 Bf5 6. a3 a5 7. Bg2 Bc5 8. O-O
Nge7 9. Re1 O-O 10. Nbd2 a4 11. b4 axb3 12. Nxb3 Bb6 13. Bb2 d3 14. c5 Ba5 15.
Nxa5 Nxa5 16. Nh4 dxe2 17. Qxe2 Bd3 18. Qg4 Bg6 19. Rad1 Qc8 20. e6 f6 21. f4
Be8 22. Nf5 Nxf5 23. Qxf5 Bg6 24. Qd5 Rd8 25. Qa2 Kh8 26. Bh3 Rxd1 27. Rxd1 Bc2
28. Rd7 Bb3 29. Qb1 Qe8 30. Bxf6 Qg8 31. Rxg7 Qxg7 32. Bxg7+ Kxg7 33. Qf5 Rf8
34. Qe5+ Kg8 35. e7 Re8 36. Be6+ Bxe6 37. Qxe6+ Kg7 38. f5 Nc6 39. f6+ Kh8 40.
Qf7 Rg8 41. Qxg8+ Kxg8 42. e8=Q# 1-0

[Event "12sen.WM-H Naumburg"]
[Site "Naumburg/Saale(20.10.-03.11.)"]
[Date "2002.10.22"]
[Round "2"]
[White "Melzig, Ernst"]
[Black "Fassmann, Ewald"]
[Result "1/2-1/2"]
[WhiteElo "1405"]
[BlackElo "1771"]
[PlyCount "65"]
[EventDate "2002.11.??"]

1. b4 Nf6 2. Bb2 g6 3. e3 Bg7 4. Nf3 O-O 5. d4 d5 6. c4 c6 7. cxd5 cxd5 8. Be2
a6 9. O-O b5 10. Nc3 Bb7 11. a3 Nbd7 12. Rc1 Nb6 13. Ne5 Nc4 14. Nxc4 dxc4 15.
a4 Qd7 16. axb5 axb5 17. Bf3 e6 18. Bxb7 Qxb7 19. Ra1 Nd5 20. Nxd5 exd5 21. Bc3
Rxa1 22. Qxa1 Ra8 23. Qb2 f5 24. Ra1 Bf8 25. Rxa8 Qxa8 26. Kf1 Qa4 27. Ke2 Bd6
28. g3 Kf7 29. Kd2 Ke6 30. f4 h5 31. h4 Kd7 32. Kc1 Kc6 33. Kd2 1/2-1/2

[Event "12sen.WM-H Naumburg"]
[Site "Naumburg/Saale(20.10.-03.11.)"]
[Date "2002.10.22"]
[Round "2"]
[White "Meszaros, Ignac"]
[Black "Haupt, Joachim"]
[Result "1-0"]
[WhiteElo "2144"]
[BlackElo "1745"]
[PlyCount "46"]
[EventDate "2002.11.??"]

1. e4 c5 2. g3 Nc6 3. Bg2 g6 4. Ne2 Bg7 5. c3 e5 6. d3 Nge7 7. Be3 b6 8. d4
cxd4 9. cxd4 Ba6 10. d5 Bxe2 11. Qxe2 Na5 12. O-O O-O 13. Na3 d6 14. Rac1 Qd7
15. Qb5 Rfd8 16. Qxd7 Rxd7 17. Bh3 f5 18. b4 Nb7 19. Bg5 a5 20. Nc4 h6 21. Nxb6
hxg5 22. Nxa8 Rd8 23. Nb6 axb4 1-0

[Event "12sen.WM-H Naumburg"]
[Site "Naumburg/Saale(20.10.-03.11.)"]
[Date "2002.10.22"]
[Round "2"]
[White "Mosionzhik, Ilja"]
[Black "Didu, Kaplan"]
[Result "1/2-1/2"]
[WhiteElo "2253"]
[BlackElo "2076"]
[PlyCount "43"]
[EventDate "2002.11.??"]

1. e4 e5 2. Nf3 d6 3. d4 exd4 4. Nxd4 g6 5. Nc3 Bg7 6. Be3 Nf6 7. Qd2 Nc6 8.
Nxc6 bxc6 9. Bh6 O-O 10. Bxg7 Kxg7 11. Bd3 Re8 12. O-O d5 13. exd5 cxd5 14. Bb5
Bd7 15. Bxd7 Qxd7 16. Rad1 c6 17. b3 Kg8 18. Qd4 Re6 19. Rd3 Qd6 20. h3 c5 21.
Qh4 Qc6 22. Na4 1/2-1/2

[Event "12sen.WM-H Naumburg"]
[Site "Naumburg/Saale(20.10.-03.11.)"]
[Date "2002.10.22"]
[Round "2"]
[White "Neumann, Horst"]
[Black "Barlo, Werner"]
[Result "1-0"]
[WhiteElo "2193"]
[BlackElo "1675"]
[PlyCount "93"]
[EventDate "2002.11.??"]

1. d4 Nf6 2. Bg5 e6 3. Nd2 Be7 4. e4 O-O 5. Bd3 b6 6. Qf3 Bb7 7. Qh3 Ne8 8. Be3
Nc6 9. c3 g6 10. Ne2 a5 11. f4 f5 12. d5 exd5 13. exf5 gxf5 14. Bxf5 Nf6 15.
Nf3 Rf7 16. Ne5 Rg7 17. Rg1 Bc5 18. Nxc6 Bxc6 19. Nd4 Qe7 20. O-O-O Re8 21.
Rge1 Ba4 22. b3 Ba3+ 23. Kc2 Bc6 24. Bd3 Qf7 25. Nf5 Rg6 26. Nh6+ Rxh6 27. Qxh6
Bf8 28. Qg5+ Bg7 29. Bd4 Ne4 30. Bxe4 dxe4 31. Re3 Kf8 32. Bxg7+ Qxg7 33. Qxg7+
Kxg7 34. c4 Kf6 35. g4 Rg8 36. h3 h5 37. Rg1 hxg4 38. hxg4 Rh8 39. Reg3 d5 40.
Kc3 Rh2 41. R1g2 Rh1 42. Rf2 Rd1 43. cxd5 Rxd5 44. Rh2 Rc5+ 45. Kb2 Bb5 46. Rc3
Rxc3 47. Kxc3 1-0

[Event "12sen.WM-H Naumburg"]
[Site "Naumburg/Saale(20.10.-03.11.)"]
[Date "2002.10.22"]
[Round "2"]
[White "Nietsch, Horst"]
[Black "Weber, Siegfried[27Fech]"]
[Result "1/2-1/2"]
[WhiteElo "2085"]
[BlackElo "1588"]
[PlyCount "91"]
[EventDate "2002.11.??"]

1. e4 c5 2. Nf3 d6 3. d4 cxd4 4. Nxd4 Nf6 5. Nc3 g6 6. Be3 Bg7 7. f3 O-O 8. Qd2
Nc6 9. O-O-O Nxd4 10. Bxd4 Be6 11. Kb1 a6 12. g4 Rc8 13. h4 Re8 14. h5 Qa5 15.
Nd5 Qxd2 16. Nxf6+ Bxf6 17. Rxd2 Bxd4 18. Rxd4 g5 19. Be2 f6 20. c3 h6 21. Rhd1
Rc7 22. Bd3 Kg7 23. Bc2 Rec8 24. R1d2 Kf7 25. Rb4 b5 26. a4 bxa4 27. Bxa4 Rc4
28. Rd4 Rxb4 29. Rxb4 Rc4 30. Kc1 Rxb4 31. cxb4 Bc4 32. Kd2 Ke6 33. Ke3 Ke5 34.
Bc2 e6 35. Bd1 d5 36. exd5 exd5 37. Bc2 d4+ 38. Kf2 d3 39. Bd1 Kd4 40. Ba4 d2
41. Bc2 Bb5 42. Bb3 Bd3 43. Bd1 Kc4 44. Ke3 Bb1 45. Kxd2 Kxb4 46. Ke3 1/2-1/2

[Event "12sen.WM-H Naumburg"]
[Site "Naumburg/Saale(20.10.-03.11.)"]
[Date "2002.10.22"]
[Round "2"]
[White "Nopp, Josef"]
[Black "Tochtermann, Georg_Dr"]
[Result "0-1"]
[WhiteElo "1579"]
[BlackElo "1878"]
[PlyCount "90"]
[EventDate "2002.11.??"]

1. Nf3 Nf6 2. d4 e6 3. e3 b6 4. Bd3 Bb7 5. Nbd2 d5 6. O-O Nbd7 7. c3 c5 8. Qe2
Bd6 9. Re1 O-O 10. e4 dxe4 11. Nxe4 Be7 12. h3 cxd4 13. Nxd4 Ne5 14. Bc2 Ng6
15. Qf3 Nxe4 16. Bxe4 Bxe4 17. Qxe4 Bf6 18. Be3 Bxd4 19. Bxd4 Rc8 20. Rad1 Qg5
21. Be3 Qb5 22. Qc2 Qc4 23. a3 Qc6 24. Re2 Rfd8 25. Rxd8+ Rxd8 26. Rd2 Qc7 27.
Rxd8+ Qxd8 28. Qd2 Qxd2 29. Bxd2 b5 30. b3 Kf8 31. f4 Ke7 32. Kf2 Kd6 33. Ke3
Kd5 34. g4 Ne7 35. Kd3 g6 36. Be3 a6 37. h4 h5 38. g5 Nf5 39. Bf2 Nd6 40. Be1
a5 41. Bd2 a4 42. b4 Nc4 43. Bc1 e5 44. fxe5 Kxe5 45. Ke2 Ke4 0-1

[Event "12sen.WM-H Naumburg"]
[Site "Naumburg/Saale(20.10.-03.11.)"]
[Date "2002.10.22"]
[Round "2"]
[White "Ofstad, Per"]
[Black "Meinhardt, Guenther"]
[Result "1-0"]
[WhiteElo "2199"]
[BlackElo "1763"]
[PlyCount "79"]
[EventDate "2002.11.??"]

1. e4 e5 2. Nf3 Nc6 3. Bb5 a6 4. Ba4 Nf6 5. O-O b5 6. Bb3 Be7 7. Re1 O-O 8. h3
d6 9. c3 Na5 10. Bc2 c5 11. d4 Qc7 12. Nbd2 Bd7 13. Nf1 cxd4 14. cxd4 Rac8 15.
Re2 b4 16. Bd3 Ra8 17. Bg5 Qb8 18. Ne3 exd4 19. Nxd4 Nd5 20. Bxe7 Nxe7 21. Rd2
Ng6 22. Bf1 Nb7 23. Ndf5 Re8 24. Nxd6 Nxd6 25. Rxd6 Bb5 26. Qd4 Bxf1 27. Nf5
Ne5 28. Rxf1 f6 29. Rb6 Qd8 30. Qxb4 a5 31. Qb3+ Kh8 32. Rb7 a4 33. Qc2 g6 34.
Ne3 a3 35. Rd1 Qa5 36. b4 Nf3+ 37. gxf3 Qg5+ 38. Ng2 Qh5 39. Qc7 Rg8 40. Rd7
1-0

[Event "12sen.WM-H Naumburg"]
[Site "Naumburg/Saale(20.10.-03.11.)"]
[Date "2002.10.22"]
[Round "2"]
[White "Opl, Klaus_Dr"]
[Black "Mayers, Dan_E"]
[Result "1-0"]
[WhiteElo "2279"]
[BlackElo "2079"]
[PlyCount "53"]
[EventDate "2002.11.??"]

1. e4 e6 2. d4 d5 3. e5 Ne7 4. Nf3 Nd7 5. Bd3 c5 6. c3 Nc6 7. O-O f5 8. exf6
Qxf6 9. Bg5 Qf7 10. c4 dxc4 11. Bxc4 Nb6 12. Bb5 Bd7 13. Nc3 cxd4 14. Nxd4 Bc5
15. Bxc6 Bxd4 16. Bxb7 Rb8 17. Qxd4 Rxb7 18. Ne4 Nc8 19. Rfd1 O-O 20. Nc5 Rb5
21. Nxd7 Rd5 22. Nxf8 Rxd4 23. Rxd4 h6 24. Rd8 Nb6 25. Rad1 e5 26. Ng6+ Kh7 27.
R1d6 1-0

[Event "12sen.WM-H Naumburg"]
[Site "Naumburg/Saale(20.10.-03.11.)"]
[Date "2002.10.22"]
[Round "2"]
[White "Ousatchi, Mark"]
[Black "Chernikov, Oleg_L"]
[Result "0-1"]
[WhiteElo "2196"]
[BlackElo "2464"]
[PlyCount "118"]
[EventDate "2002.11.??"]

1. d4 d5 2. c4 Nc6 3. Nf3 Nf6 4. cxd5 Nxd5 5. e4 Nf6 6. Nc3 e6 7. Bb5 Bd7 8.
O-O a6 9. Bd3 Be7 10. Re1 Na7 11. e5 Nd5 12. Ne4 Bb5 13. Bb1 h6 14. a4 Bc6 15.
Bd2 b6 16. Qb3 a5 17. Rc1 Qc8 18. Bd3 Qb7 19. Qd1 O-O-O 20. Qe2 Kb8 21. Bb5 Nf4
22. Bxf4 Bxe4 23. Ba6 Qd5 24. Be3 Bb4 25. Qc4 Qxc4 26. Bxc4 Nc6 27. Bb5 Ne7 28.
Rd1 Nf5 29. Rac1 Kb7 30. Nd2 Bd5 31. Nb1 c6 32. Be2 Bb3 33. Rd3 Bxa4 34. Nc3
Bb3 35. Bf3 Bc4 36. Rdd1 Bxc3 37. Rxc3 Bd5 38. Be2 a4 39. g4 Nh4 40. f4 h5 41.
gxh5 Bf3 42. Bxf3 Nxf3+ 43. Kf2 Nh4 44. Rdc1 Rc8 45. Rg1 Nf5 46. Rg5 Rh7 47. d5
cxd5 48. Rxc8 Kxc8 49. Bxb6 Kb7 50. Bc5 Kc6 51. Ba3 d4 52. Rg1 Rxh5 53. Rc1+
Kd5 54. Rc7 Rxh2+ 55. Kf3 Rh3+ 56. Kg2 Rg3+ 57. Kf2 Ke4 58. Ra7 Rf3+ 59. Ke1
Kd3 0-1

[Event "12sen.WM-H Naumburg"]
[Site "Naumburg/Saale(20.10.-03.11.)"]
[Date "2002.10.22"]
[Round "2"]
[White "Peierl, Walter"]
[Black "Vucenovic, Dragomir"]
[Result "0-1"]
[WhiteElo "1800"]
[BlackElo "2279"]
[PlyCount "46"]
[EventDate "2002.11.??"]

1. e4 e5 2. Nf3 Nc6 3. Bc4 Nf6 4. O-O Bc5 5. d3 d6 6. h3 Qe7 7. c3 a6 8. b4 Ba7
9. a4 Nd8 10. Na3 Be6 11. Nd2 O-O 12. b5 axb5 13. axb5 Nd7 14. Qb3 Bc5 15. Bb2
Bxc4 16. Naxc4 Ne6 17. Ne3 Bxe3 18. fxe3 Nec5 19. Qc2 Qe6 20. Nc4 Rxa1 21. Rxa1
f5 22. exf5 Qxf5 23. e4 Qf4 0-1

[Event "12sen.WM-H Naumburg"]
[Site "Naumburg/Saale(20.10.-03.11.)"]
[Date "2002.10.22"]
[Round "2"]
[White "Perk, Egbert"]
[Black "Kuczmera, Manfred"]
[Result "1-0"]
[WhiteElo "1910"]
[BlackElo "1708"]
[PlyCount "91"]
[EventDate "2002.11.??"]

1. d4 e6 2. Nf3 d5 3. g3 Nf6 4. Bg2 Be7 5. O-O O-O 6. Nbd2 c5 7. c3 b6 8. Ne5
Bb7 9. Re1 cxd4 10. cxd4 Nbd7 11. Ndf3 Rc8 12. Qa4 a6 13. Bd2 b5 14. Qb3 Ne4
15. Bc3 Nd6 16. a4 Nb6 17. axb5 Nxb5 18. Bd2 Nc4 19. Bc3 Bd6 20. Nd3 Rc7 21.
Bb4 Bxb4 22. Qxb4 Qc8 23. e3 h6 24. Bf1 Ncd6 25. Nc5 Rd8 26. Ne5 Kf8 27. Ra5 f6
28. Ng6+ Kf7 29. Nf4 Re8 30. Bh3 f5 31. Nfd3 Rd8 32. Ne5+ Kf6 33. Bf1 g6 34.
Rea1 Na7 35. Bxa6 Bxa6 36. Rxa6 Nc6 37. Nxc6 Rxc6 38. Rxc6 Qxc6 39. Ra6 Qc7 40.
Rb6 h5 41. Kg2 g5 42. Ra6 g4 43. Qb6 Qc8 44. h3 Kf7 45. Ra7+ Kg6 46. Re7 1-0

[Event "12sen.WM-H Naumburg"]
[Site "Naumburg/Saale(20.10.-03.11.)"]
[Date "2002.10.22"]
[Round "2"]
[White "Petkevitch, Josef"]
[Black "Hoeschele, Hans_Ulrich"]
[Result "1-0"]
[WhiteElo "2439"]
[BlackElo "2159"]
[PlyCount "121"]
[EventDate "2002.11.??"]

1. Nf3 d5 2. b3 Nf6 3. Bb2 g6 4. g3 Bg7 5. Bg2 O-O 6. O-O c6 7. c4 dxc4 8. bxc4
c5 9. d3 Nc6 10. Nbd2 Qd6 11. Rb1 Rb8 12. Ng5 b6 13. Nge4 Nxe4 14. Nxe4 Qc7 15.
Bxg7 Kxg7 16. e3 Rd8 17. Qe2 Bf5 18. f4 Qd7 19. Nf2 Be6 20. h3 f6 21. g4 Bf7
22. Rfd1 Na5 23. Ne4 Qe8 24. g5 Rd7 25. Qb2 Qd8 26. Bf1 Rc8 27. Nf2 Be6 28. Qc3
Kf7 29. h4 f5 30. Be2 Qh8 31. Qxh8 Rxh8 32. Kg2 h5 33. gxh6 Rxh6 34. Kg3 Kg7
35. Nh3 Rd6 36. Ng5 Rh8 37. Rbc1 Rc8 38. Rg1 Bg8 39. Kf2 Kf8 40. Nf3 Bf7 41.
Rg5 Rf6 42. Ne5 Kg7 43. h5 Rh8 44. Rcg1 Rh6 45. Bf3 Be8 46. hxg6 Rh2+ 47. R5g2
Rxg2+ 48. Rxg2 Bc6 49. Rh2 Kg8 50. Rh7 Bxf3 51. Kxf3 Rxg6 52. Rxe7 Rg7 53. Re8+
Kh7 54. Rf8 Rg1 55. Rxf5 Ra1 56. Rf7+ Kg8 57. Rxa7 Rxa2 58. Nd7 Ra3 59. Ra8+
Kf7 60. Nxb6 Nxc4 61. dxc4 1-0

[Event "12sen.WM-H Naumburg"]
[Site "Naumburg/Saale(20.10.-03.11.)"]
[Date "2002.10.22"]
[Round "2"]
[White "Piankov, Evgenij"]
[Black "Maugg, Ludwig"]
[Result "1-0"]
[WhiteElo "2353"]
[BlackElo "2142"]
[PlyCount "91"]
[EventDate "2002.11.??"]

1. d4 Nf6 2. Nf3 g6 3. Bg5 Bg7 4. Nbd2 O-O 5. e3 d6 6. Bc4 Nbd7 7. O-O c5 8. c3
Qc7 9. Bh4 e5 10. dxe5 dxe5 11. e4 Nb6 12. Qc2 Nh5 13. Rfe1 Bg4 14. Be2 h6 15.
Nf1 Nf4 16. Ne3 Nxe2+ 17. Qxe2 Be6 18. c4 f5 19. exf5 gxf5 20. Nd5 Bxd5 21.
cxd5 e4 22. Nd2 Bxb2 23. Rad1 Bd4 24. Nb3 Qe5 25. Qh5 Qg7 26. d6 Nd7 27. Be7
Rf7 28. Nxd4 cxd4 29. f3 Kh7 30. fxe4 Rg8 31. Qe2 f4 32. Kh1 Ne5 33. Rg1 d3 34.
Qb2 Rxe7 35. dxe7 Qxe7 36. Qf2 Qg5 37. g3 Ng4 38. Qf3 Qh5 39. Rd2 fxg3 40. Rxg3
Qg5 41. Qf5+ Qxf5 42. exf5 Ne5 43. Re3 Re8 44. Rdxd3 Nxd3 45. Rxe8 Nc5 46. Rc8
1-0

[Event "12sen.WM-H Naumburg"]
[Site "Naumburg/Saale(20.10.-03.11.)"]
[Date "2002.10.22"]
[Round "2"]
[White "Polk, Maria"]
[Black "Fischer, Ernst[37Weiden]"]
[Result "0-1"]
[WhiteElo "1233"]
[BlackElo "1981"]
[PlyCount "30"]
[EventDate "2002.11.??"]

1. e4 d5 2. exd5 Nf6 3. Nc3 Nxd5 4. Nxd5 Qxd5 5. Ne2 Bg4 6. f3 Bf5 7. Nc3 Qe5+
8. Ne2 Nc6 9. c3 Bd3 10. f4 Qe4 11. Kf2 e5 12. fxe5 Bc5+ 13. Kg3 Qxe5+ 14. Nf4
Qg5+ 15. Kf3 Ne5# 0-1

[Event "12sen.WM-H Naumburg"]
[Site "Naumburg/Saale(20.10.-03.11.)"]
[Date "2002.10.22"]
[Round "2"]
[White "Rahn, Oskar"]
[Black "Krueger, Erich"]
[Result "1/2-1/2"]
[WhiteElo "1939"]
[BlackElo "2223"]
[PlyCount "71"]
[EventDate "2002.11.??"]

1. e4 c6 2. d4 d5 3. Nc3 dxe4 4. Nxe4 Bf5 5. Ng3 Bg6 6. Bc4 e6 7. N1e2 Bd6 8.
O-O Qc7 9. f4 Ne7 10. Nc3 Nd7 11. Nce4 Nb6 12. Nxd6+ Qxd6 13. Bb3 Rd8 14. c3
O-O 15. Qf3 c5 16. dxc5 Qxc5+ 17. Be3 Qc7 18. Bd4 Nc6 19. Rad1 Nxd4 20. cxd4 a5
21. f5 exf5 22. a3 a4 23. Ba2 Nc4 24. Qc3 b5 25. Nxf5 Qd7 26. Nh4 Rc8 27. Nxg6
hxg6 28. Rf2 Rfe8 29. Bxc4 Rxc4 30. Qd3 Qd5 31. Rfd2 Re4 32. Qf3 f5 33. h3 g5
34. Qh5 Rcxd4 35. Rxd4 Rxd4 36. Qe8+ 1/2-1/2

[Event "12sen.WM-H Naumburg"]
[Site "Naumburg/Saale(20.10.-03.11.)"]
[Date "2002.10.22"]
[Round "2"]
[White "Reichenbach, Werner"]
[Black "Potthammel, Joerg"]
[Result "1-0"]
[WhiteElo "2297"]
[BlackElo "2111"]
[PlyCount "87"]
[EventDate "2002.11.??"]

1. e4 e5 2. Nf3 Nc6 3. Bb5 a6 4. Bxc6 dxc6 5. O-O Qd6 6. d3 Bd7 7. Nbd2 f6 8.
Nc4 Qe6 9. a4 a5 10. b3 Bd6 11. d4 Ne7 12. dxe5 fxe5 13. Qd2 O-O 14. Ne1 Rf6
15. Nd3 Ng6 16. Qe2 Qg4 17. Qxg4 Bxg4 18. f3 Be6 19. Be3 h6 20. Rfd1 Bxc4 21.
bxc4 b6 22. c5 bxc5 23. Nxc5 Bxc5 24. Bxc5 Nf4 25. Ra3 Ne6 26. Be3 Rd8 27.
Rxd8+ Nxd8 28. Bd2 Nb7 29. Rb3 Rd6 30. Be3 Nd8 31. Rb8 Kf7 32. Ra8 Nb7 33. Ra7
Rd1+ 34. Kf2 Rb1 35. Ra6 Ke7 36. Rxc6 Kd7 37. Rc4 Rb2 38. Kg3 Kd6 39. h4 Ra2
40. h5 Nd8 41. Kg4 Ne6 42. Kf5 Nd8 43. Bc5+ Kd7 44. Kxe5 1-0

[Event "12sen.WM-H Naumburg"]
[Site "Naumburg/Saale(20.10.-03.11.)"]
[Date "2002.10.22"]
[Round "2"]
[White "Reichert, Rudolf"]
[Black "Piastowski, Kurt"]
[Result "0-1"]
[WhiteElo "1581"]
[BlackElo "1550"]
[PlyCount "78"]
[EventDate "2002.11.??"]

1. e4 d6 2. Nc3 g6 3. d4 Bg7 4. Nf3 c6 5. h3 Qc7 6. Be2 Nd7 7. a4 Ngf6 8. Bd2
e5 9. d5 Nc5 10. Bd3 O-O 11. b4 Nxd3+ 12. cxd3 cxd5 13. Nb5 Qe7 14. Bg5 d4 15.
Rc1 Bd7 16. Nc7 Rac8 17. Nd5 Qe6 18. Bxf6 Bxf6 19. b5 Rxc1 20. Qxc1 Rc8 21. Qd2
Bd8 22. O-O Kg7 23. Nh2 Qe8 24. f4 Be6 25. fxe5 Bxd5 26. exd5 dxe5 27. Ng4 g5
28. Rf5 f6 29. d6 Qe6 30. Qf2 Rc1+ 31. Kh2 h5 32. Nxe5 Rc5 33. Rxg5+ fxg5 34.
Nc4 Bf6 35. Qf3 Be5+ 36. Kg1 Bxd6 37. Qxb7+ Rc7 38. Qf3 Qe1+ 39. Qf1 Bh2+ 0-1

[Event "12sen.WM-H Naumburg"]
[Site "Naumburg/Saale(20.10.-03.11.)"]
[Date "2002.10.22"]
[Round "2"]
[White "Reimann, Hubert[42Merse"]
[Black "Smits, Oswald"]
[Result "1/2-1/2"]
[WhiteElo "1941"]
[BlackElo "1619"]
[PlyCount "120"]
[EventDate "2002.11.??"]

1. d4 e6 2. c4 c5 3. d5 d6 4. Nc3 a6 5. a4 Nf6 6. e4 e5 7. Bd3 Be7 8. Nge2 O-O
9. O-O h6 10. Ng3 Nh7 11. Nf5 Bxf5 12. exf5 Nd7 13. Ne4 Nhf6 14. f4 Nxe4 15.
Bxe4 Nf6 16. Bc2 exf4 17. Bxf4 Re8 18. Ra3 Bf8 19. Rg3 Kh7 20. Rh3 Kg8 21. g4
Nh7 22. f6 Nxf6 23. g5 Qd7 24. Qd3 Ne4 25. gxh6 g6 26. Qf3 Kh7 27. Bc1 f5 28.
b3 Qe7 29. Re1 Qf6 30. Bxe4 Qd4+ 31. Kg2 Rxe4 32. Rxe4 Qxe4 33. Qxe4 fxe4 34.
Bf4 Re8 35. Kf2 Be7 36. Ke2 g5 37. Bd2 Bf6 38. Rg3 Rg8 39. Rg4 Kxh6 40. Rxe4
Kh5 41. Re6 Be5 42. h3 Rg7 43. Be3 Rg6 44. Bxc5 Rxe6 45. dxe6 Kg6 46. Bb4 Kg7
47. Kf3 Kf6 48. Kg4 Kxe6 49. Kxg5 d5 50. cxd5+ Kxd5 51. h4 Ke6 52. Kg6 Kd7 53.
Kf7 Kc6 54. h5 Bf4 55. Bf8 b6 56. h6 Bxh6 57. Bxh6 a5 58. Ke8 b5 59. Kd8 bxa4
60. bxa4 Kb7 1/2-1/2

[Event "12sen.WM-H Naumburg"]
[Site "Naumburg/Saale(20.10.-03.11.)"]
[Date "2002.10.22"]
[Round "2"]
[White "Rettler, Heinz"]
[Black "Zierott, Gert_ProfDr"]
[Result "1-0"]
[WhiteElo "2167"]
[BlackElo "1740"]
[PlyCount "45"]
[EventDate "2002.11.??"]

1. e4 c5 2. Nf3 Nc6 3. d4 cxd4 4. Nxd4 e6 5. Nc3 a6 6. Nxc6 bxc6 7. Bd3 Bc5 8.
O-O Ne7 9. Kh1 a5 10. f4 Ba6 11. Bxa6 Rxa6 12. Qg4 g6 13. Qf3 d5 14. g4 O-O 15.
f5 dxe4 16. Nxe4 Bd4 17. c3 exf5 18. gxf5 Be5 19. Bh6 Nxf5 20. Bxf8 Qxf8 21.
Rad1 Rb6 22. Rd2 Nh6 23. Qg2 1-0

[Event "12sen.WM-H Naumburg"]
[Site "Naumburg/Saale(20.10.-03.11.)"]
[Date "2002.10.22"]
[Round "2"]
[White "Robitsch, Hermann"]
[Black "Kanko, Ilkka"]
[Result "0-1"]
[WhiteElo "2077"]
[BlackElo "2265"]
[PlyCount "52"]
[EventDate "2002.11.??"]

1. e4 c5 2. d4 cxd4 3. Nf3 e6 4. c3 dxc3 5. Nxc3 a6 6. Be3 Nc6 7. Bc4 Nge7 8.
Na4 Ng6 9. Nb6 Bb4+ 10. Ke2 Rb8 11. a3 Be7 12. h4 O-O 13. h5 Nge5 14. h6 g6 15.
Nxe5 Nxe5 16. Qd4 f6 17. Ba2 Kh8 18. Rac1 Nc6 19. Qc4 Bd6 20. Rhd1 Bc7 21. Qb3
Qe7 22. Nc4 d5 23. exd5 exd5 24. Rxd5 Be6 25. Bc5 Nd4+ 26. Rxd4 Bxc4+ 0-1